[Event "FIDE-Wch k.o."]
[Site "Tripoli"]
[Date "2004.06.21"]
[Round "2.1"]
[White "Short, Nigel D"]
[Black "Krasenkow, Michal"]
[Result "0-1"]
[WhiteElo "2712"]
[BlackElo "2609"]
[Annotator "Rogozenco,D"]
[PlyCount "244"]
[EventDate "2004.06.19"]
[EventType "k.o."]
[EventRounds "7"]
[EventCountry "LBY"]
[SourceTitle "CBM 102"]
[Source "ChessBase"]
[SourceDate "2004.09.23"]
[SourceVersion "1"]
[SourceVersionDate "2004.09.23"]
[SourceQuality "1"]

1. e4 c5 2. Nf3 Nc6 3. d4 cxd4 4. Nxd4 Nf6 5. Nc3 e5 6. Ndb5 d6 7. Bg5 a6 8.
Na3 b5 9. Bxf6 gxf6 10. Nd5 f5 11. Bd3 Be6 12. O-O Bxd5 13. exd5 Ne7 14. Re1 {
This continuation, making square f1 available for the bishop became one of the
main directions of research for White players against Sveshnikov Sicilian. As
the present game shows, Black's task is not trivial.} e4 (14... Bg7 15. c3 Qc8
{A subtle move order, designed against White's plan with Qh5. Nevertheless in
the following game it did not solve entirely Black's problems either:} 16. Nc2
(16. Qh5 $2 e4 17. Bf1 Nxd5) 16... O-O 17. a4 e4 18. Bf1 bxa4 19. Ne3 Qb7 20.
Nc4 Qxd5 21. Qxd5 Nxd5 22. Red1 Nc7 23. Rxd6 a3 24. Nxa3 $14 {1/2-1/2 Kramnik,
V-Leko,P/Monte Carlo (blind) 2004 (63)}) 15. Bf1 Bg7 16. c3 O-O 17. Qh5 (17.
Nc2 Rc8 18. g3 Rc5 19. Ne3 f4 $5 20. gxf4 f5 21. a4 Ng6 $44 {1/2-1/2 Czebe,
A-Starostits,I/Budapest 1997 (43)}) 17... Qc8 (17... b4 18. cxb4 Bxb2 (18...
Nxd5 19. Qxf5 Nf6 20. Rad1 $16 {1-0 Gurevich,V-Goncharov,O/Alushta 2004 (26)})
19. Rab1 Bg7 20. Nc4 Nxd5 21. Rbd1 Nf6 22. Qg5 d5 23. Ne3 h6 24. Qf4 Qb8 25.
Qxf5 Qxb4 26. Nxd5 Nxd5 27. Qxd5 $16 {1-0 Kulaots,K-Zozulia,A/Cappelle la
Grande 2004 (34)}) (17... Qd7 18. Rad1 Rae8 19. g3 Ng6 20. Bh3 Re5 21. Nc2 $14
{1/2-1/2 Milos,G-Zambrana,O/Santos 2004 (54)}) (17... Re8 18. Rad1 Qc8 19. Nc2
Ng6 20. Nb4 Ne5 21. Nc2 (21. Nc6 {transposes to Kulaots-Van Wely, see below 19.
Nc2}) 21... Ng6 22. Nb4 Ne5 23. h3 Rb8 24. Nc2 Ng6 25. Nb4 Ne5 26. Nc2 Ng6 27.
Nb4 {1/2-1/2 Bologan,V-Kramnik,V/Dortmund 2003.}) 18. Rad1 Ng6 19. g3 $1 (19.
Nc2 Re8 20. Nb4 (20. g3 f4 $13) 20... Ne5 21. Nc6 Nxc6 22. dxc6 Qxc6 23. Qxf5
Re5 24. Qf4 d5 25. f3 f5 26. fxe4 fxe4 {Kulaots,K-Van Wely,L/Liepaya (rapid)
2004. is okay for Black.}) 19... Re8 20. Bh3 Re5 21. Nc2 $14 {[%csl Rf5]} Qc4 {
This novelty does not change the evaluation - White's chances are preferable.}
(21... Ne7 22. Ne3 Qd7 23. Kh1 Re8 24. Rf1 h6 25. f4 exf3 26. Qxf3 Rxe3 27.
Qxe3 Nxd5 28. Qf3 Ne3 29. Bxf5 Qd8 30. Be4 Nxd1 31. Rxd1 Qe7 32. Bd5 Rf8 33.
Rf1 $16 {1/2-1/2 Yagupov,I-Yudin,S/Tomsk 2004 (58)}) 22. Ne3 Qxa2 23. Qe2 {
[%csl Ra2]} f4 $5 {Saves the pawn, but sacs the queen.} (23... b4 24. cxb4 f4
25. Nc4 $16) 24. Ra1 Qb3 25. Ra3 Qxa3 26. bxa3 fxe3 27. Qxe3 Ne7 28. Qb6 Nxd5
29. Qc6 $16 (29. Qxd6 Nxc3 30. Qc6 Ree8 31. Re3 $16 {[%csl Rc8] /+-}) 29...
Rae8 30. f4 {In connection with the next move this is an undestandable
practical decision to get a safe endgame. However, White's technical problems
will turn out to be bigger than Short has expected.} ({Objectively stronger is
} 30. Bf1 $16 {[%cal Ge1d1] /+-}) (30. Rd1 {allows some counterplay because of}
e3 $1 31. Rxd5 $140 $4 e2 $19) 30... exf3 31. Qxe8+ (31. Rxe5 $5 Rxe5 32. Bg4
$16) 31... Rxe8 32. Rxe8+ Bf8 33. Rc8 Nb6 $1 34. Rc6 d5 $1 35. Bg4 (35. Kf2
$142 Bxa3 36. Kxf3 Nc4 37. Ke2 $1 {Short}) 35... Nc4 36. Rxa6 Bc5+ 37. Kh1 f2
38. Be2 Bxa3 39. Rf6 Bb2 40. Rxf2 Bxc3 41. Rf5 Ne5 42. Bxb5 $16 Kg7 43. h3 f6
44. Kg2 Bd2 45. Rf2 Be3 46. Rc2 h6 47. Rc7+ Kg6 48. Re7 Bc5 49. Re8 Be3 50. Kf1
d4 51. Re7 Kf5 52. Ke2 Bg5 53. Re8 Kg6 54. Rd8 Be3 55. Ba4 Kf7 56. Bc2 Ke7 57.
Ra8 Kf7 58. Bf5 Ke7 59. h4 Bc1 60. Ra7+ Kd6 61. Ra6+ Ke7 62. Ra1 Be3 63. Rb1
Kd6 64. Rb6+ Ke7 65. Re6+ Kf7 66. Ra6 Ke7 67. Be4 Kf7 68. Ra7+ Ke6 69. Ra8 Kf7
70. Bd5+ Kg6 71. Be6 Kg7 72. Bf5 Kf7 73. Ra7+ Kf8 74. Rc7 Ke8 75. Rh7 Kf8 76.
Rb7 Ke8 77. Rh7 Kf8 78. Rc7 Ke8 79. g4 Kf8 80. Rh7 Kg8 81. Re7 Kf8 82. Re6 Kf7
83. Rd6 Ke7 84. Rd5 Kf7 85. h5 Ke7 86. g5 Bxg5 87. Rxd4 Bc1 88. Kd1 Bg5 89. Kc2
Be3 90. Rd1 Kf7 91. Kc3 Kf8 92. Rd6 Ke7 93. Re6+ Kf7 94. Kb4 Bf2 95. Ra6 Ke7
96. Kb5 Be3 97. Re6+ Kf7 98. Ka6 Bc5 99. Kb7 Be7 100. Kc7 Kf8 101. Ra6 Kf7 102.
Be6+ Kg7 103. Ra2 Nf3 104. Kd7 Bc5 105. Rg2+ Ng5 106. Bf5 Bf8 107. Ke8 Bd6 108.
Rd2 Bc5 109. Rd7+ Kg8 110. Rc7 Bb4 111. Kd7 Kf7 112. Bg6+ Kg8 113. Kc6 Ba3 114.
Rb7 Kf8 115. Kd5 Kg8 116. Ra7 Bb4 117. Rc7 Ba3 118. Rc6 Kg7 119. Kd4 Bb2+ 120.
Ke3 Be5 121. Re6 $4 {[%mdl 8192] The consequence of the FIDE time-control.
From a certain point, one finds oneself under time pressure for the entire
game. Then everything becomes possible, even such incredible blunders.} (121.
Ra6 {The right plan was indicated by Short himself - to bring the rook on g6:}
Kf8 122. Ra8+ Kg7 123. Re8 Bd6 124. Bc2 Be5 125. Bb3 Bd6 126. Rg8+ Kh7 127. Rg6
Be5 128. Bc2 $18) 121... Nxe6 122. Bf5 Nd4 0-1

[Event "ESP-chT"]
[Site "Sanxenxo"]
[Date "2004.11.25"]
[Round "8"]
[White "Krasenkow, Michal"]
[Black "Gurevich, Mikhail"]
[Result "1-0"]
[WhiteElo "2676"]
[BlackElo "2644"]
[Annotator "Huebner,R"]
[PlyCount "49"]
[EventDate "2004.11.18"]
[EventType "team"]
[EventRounds "9"]
[EventCountry "ESP"]
[SourceTitle "CBM 105"]
[Source "ChessBase"]
[SourceDate "2005.04.11"]
[SourceVersion "1"]
[SourceVersionDate "2005.04.11"]
[SourceQuality "1"]

1. Nf3 d5 2. d4 Nf6 3. c4 c6 4. Nc3 a6 5. c5 Nbd7 6. Bf4 Nh5 7. e3 Nxf4 8. exf4
b6 9. cxb6 Qxb6 10. Bd3 Qxb2 11. Rc1 e6 {Dies ist ein neuer Versuch. Bisher
liegt nur mit 11...g6 Erfahrung vor. Ich zitiere einige Beispiele:} (11... g6
12. O-O Bh6 13. g3 (13. Qa4 Qb7 14. Rb1 Qc7 15. Rfc1 e6 16. Nxd5 (16. Ne2 Bb7
17. Qa3 Bf8 18. Qb3 Rb8 19. Ne5 {führt zu einer etwa ausgeglichenen Stellung.})
16... exd5 17. Rxc6 Qd8 18. Re1+ (18. Qa3 Bf8 (18... Nf8 19. f5 {ist nicht
vertrauenerweckend für Schwarz.}) 19. Qb3 (19. Re1+ Be7 {bringt Weiß nicht
weiter; es folgt Ke8-f8.}) 19... Be7 (19... Rb8 $2 20. Qxb8) 20. Qxd5 Nf6 21.
Qxd8+ Bxd8 22. Bc4 O-O 23. Ne5 Kg7 {kann Weiß auf die Dauer auch nicht
überleben.}) 18... Kf8 19. Rd6 Kg7 20. f5 Re8 21. Rxe8 Qxe8 22. fxg6 hxg6 23.
Qc6 Rb8 24. Rxd5 Rb6 25. Qc7 Qe6 {0-1 Babula,V-Karttunen,M/Plovdiv 2003/CBM
098/[Huebner,R] (25).}) 13... O-O 14. Na4 Qb7 (14... Qb4 15. Rxc6 Nf6 (15...
Bg7 16. Qc2 Rb8 {ist verständiger.}) 16. Qb3 Qxb3 17. axb3 a5 18. Ne5 Rb8 (
18... Bh3 19. Ra1 Rfb8 {bietet Aussischten, die Stellung zu halten.}) 19. Rfc1
Bd7 20. Ra6 Bxa4 (20... Rxb3 21. Nc5 {kostet Material.}) (20... Bc8 21. Rxa5
Rxb3 22. Rc7 {überläßt dem Weißen eine kräftige Initiative, bietet aber
vielleicht bessere Überlebensaussichten als die Partiefortsetzung.}) (20... Rb4
21. Nc5 Be8 22. Rxa5 Rxd4 23. Ra7 e6 24. Rb7 {ist nicht aussichtsreicher für
Schwarz als die Partiefolge.}) 21. bxa4 Rb4 22. Rxa5 Rxd4 23. Ra7 Bg7 24. Bf1
Ne4 25. a5 Ra4 26. a6 e6 27. Rac7 Nd6 (27... Nd2 28. a7 Bxe5 29. fxe5 Nxf1 30.
Kxf1 Kg7 31. Rb7 g5 32. h3 Ra6 33. Rc2 h5 34. Ke2 {und Weiß gewinnt, indem er
seinen König zum Damenflügel bringt.}) 28. Nd7 Rd8 29. Nc5 Rb4 30. Nb7 Nxb7 31.
axb7 Bf6 32. Ba6 Kg7 33. R1c6 (33. Rc8 {dürfte auch zum Gewinn genügen:} Rd6
34. b8=Q Rxb8 35. Rxb8 Rxa6 36. Rc7 g5 37. Rbb7 gxf4 38. Rxf7+ Kg6 39. Rxh7 f3
40. h4 {Der Textzug ist aber weit sicherer.}) 33... Rb8 34. Rxe6 Bd8 35. Rc8
Kf8 36. Rd6 Ke8 37. Rxd5 Rb6 {Suite desesperement illisible, efforts inutiles
sauf a decider de fondre les neurones. Essayer de voir avec Eric. Resulat
final 1 - 0 au 53eme coup blanc.}) (14... Qa3 15. Rxc6 Qxa2 16. Rc3 Nf6 17. Bb1
Qa1 18. Qb3 Bh3 19. Rfc1 Rfc8 20. Rxc8+ Rxc8 21. Re1 Bd7 22. Nc5 Qa5 $11 {
1-0 Fontaine,R-Prie,E/France 2004/CBM 098 ext (74). (73)}) 15. Qc2 {ist nicht
besser.}) 12. O-O Ba3 {Das Feld a3 scheint mir kein natürlicher Platz für den
Läufer.} ({Die Fortsetzung} 12... Bd6 13. f5 Nf6 14. Qa4 Qb8 {sieht wesentlich
gesünder aus.}) 13. Qa4 (13. Rc2 Qb7 14. Qe2 O-O 15. Rb1 Qc7 16. Ne5 {ist
ebenfalls nicht schlecht.}) 13... Qb4 14. Qxb4 Bxb4 15. Na4 Bd6 {Hier würde
ich lieber auf den Bauern c6 verzichten:} (15... g6 16. Rxc6 Ke7 {mit etwa
gleichem Spiel.}) 16. f5 Bb7 17. fxe6 fxe6 18. Rfe1 O-O $2 {Jetzt war aber
unbedingt Geiz geboten. Nach} (18... Ke7 19. Bf5 (19. Ng5 Nf8 ({Unzureichend
ist} 19... e5 20. dxe5 Bb4 21. Re2 h6 22. Nf3 c5 23. Bf5 {mit gewaltigem
Vorteil für Weiß.}) 20. Nc5 Bxc5 21. Rxc5 h6 22. Nf3 Nd7 23. Rc2 Kf6 {führt zu
einer etwa ausgeglichenen Stellung.}) 19... Nf8 20. Nc5 Bxc5 21. Rxc5 Kf6 22.
Bh3 Re8 {steht Weiß besser, aber die Lage des Schwarzen ist noch keineswegs
hoffnungslos.}) 19. Rxe6 Bf4 $2 {Viel zäher ist} (19... Rf6 20. Rxf6 gxf6 (
20... Nxf6 21. Nc5 Bxc5 22. Rxc5 Nd7 23. Rc3 {ist nicht bequemer für Schwarz.})
21. Bf5 Nf8 22. Nc5 Bxc5 23. Rxc5 Kf7 {, und Weiß muß das Endspiel erst noch
gewinnen.}) 20. Rb1 Rab8 21. g3 Bc7 (21... Bxg3 22. Bxh7+ Kxh7 23. Ng5+ Kg8 24.
hxg3 Bc8 25. Rxb8 Nxb8 26. Re7 c5 27. dxc5 d4 28. Ne6 Bxe6 29. Rxe6 {ist
ebenfalls hoffnungslos für Schwarz.}) ({oder} 21... Bh6 22. Ne5 Nxe5 23. dxe5
Ba8 (23... Bc8 {scheitert an} 24. Bxh7+) 24. Rxb8 Rxb8 25. Re7 {mit leichtem
Sieg.}) 22. Ng5 $18 h6 23. Re7 hxg5 24. Rxd7 Rf7 25. Bh7+ 1-0

[Event "EU-ch 6th"]
[Site "Warsaw"]
[Date "2005.06.22"]
[Round "5"]
[White "Krasenkow, Michal"]
[Black "Mamedyarov, Shakhriyar"]
[Result "1-0"]
[WhiteElo "2672"]
[BlackElo "2646"]
[Annotator "Stohl,I"]
[PlyCount "93"]
[EventDate "2005.06.18"]
[EventType "swiss"]
[EventRounds "13"]
[EventCountry "POL"]
[SourceTitle "CBM 108"]
[Source "ChessBase"]
[SourceDate "2005.09.26"]
[SourceVersion "1"]
[SourceVersionDate "2005.09.26"]
[SourceQuality "1"]

1. d4 e6 2. c4 b6 3. e4 (3. a3 g6 $5 {was sometimes successfully employed by
the late Tony Miles. Black has a similar idea, but in our game White can do
without the relatively useless a3 move.}) 3... Bb7 4. Nc3 g6 (4... Bb4 {
is the usual move, Mamedyarov tries the highly provocative "Hippo" set-up
instead. However, giving White full central control is very risky indeed.}) 5.
Be3 (5. Nf3 Bg7 6. Bg5 $5 (6. Bd3 Ne7 7. Be3 O-O (7... d6 8. Qd2 h5 $6 9. O-O
O-O 10. Rac1 Nd7 11. b4 Nf6 12. d5 e5 13. c5 Ng4 14. c6 Bc8 15. a4 f5 16. Bg5
Qe8 17. h3 Nf6 18. Rfe1 f4 19. a5 Nh7 20. Nb5 $16 {Zakarin,I-Brana,C/Dos
Hermanas/2003/}) 8. Qd2 Nbc6 9. Bh6 d5 10. cxd5 exd5 11. e5 Nb4 12. Bb1 c5 13.
O-O cxd4 14. Nxd4 Re8 15. Bxg7 Kxg7 16. f4 $40 {Petrov,S-Urdin,V/Struga/2002/
Black must be very careful about radically lashing out and changing the [+]
P-structure, as his pieces are too passive.}) 6... f6 (6... Ne7 $142) 7. Be3
Nh6 8. h4 $36 Nf7 9. h5 g5 10. Bd3 Nc6 11. a3 d6 12. d5 exd5 13. exd5 Nce5 14.
Nd4 Bc8 15. Bf5 Bxf5 16. Nxf5 O-O 17. h6 $18 {Mota Vega,F-Prieto Cabal,A/
Asturias/1986/}) (5. Bd3 Bg7 6. Nge2 d6 7. O-O Nd7 8. Be3 Ne7 9. f4 f5 10. d5
exd5 11. exd5 Nf6 12. Nd4 Bc8 13. h3 O-O 14. Qf3 Bd7 15. Rfe1 Kh8 16. Bf2 Rc8
17. Ne6 Bxe6 18. Rxe6 a6 19. Rae1 Neg8 20. Ne2 Nd7 21. b4 Rf7 22. Nd4 Nf8 23.
Nc6 $16 {Cherednichenko,S-Agababean,N/Warsaw/2001/}) ({Black should patiently
wait for his chance and try not to weaken his position more than necessary, a
plausible example is} 5. f4 Bg7 6. Nf3 Ne7 7. Bd3 d6 8. O-O Nd7 9. Kh1 O-O 10.
Be3 h6 11. Qd2 f5 12. e5 Kh7 13. Rad1 a6 14. Qf2 dxe5 15. dxe5 Nc6 16. a3 Qe7
17. b4 Rad8 18. Qg3 Rfe8 19. Bc2 a5 20. Nb5 Nf8 $14 {Studnicka,T-Polak,T/Plzen/
2003/}) 5... Bg7 6. h4 $5 {Forcing some concessions with this early flank
sortie is not a bad idea, as White's [+] is suffciently solid and well
protected.} (6. Qd2 h6 7. h4 $5 d6 8. Bd3 Nd7 9. Nge2 Ne7 10. Bc2 a6 11. f3 Qc8
12. Ba4 Rb8 13. h5 g5 14. f4 gxf4 15. Nxf4 Bc6 16. Bc2 Nf6 17. d5 exd5 18. exd5
Bd7 19. O-O-O Ng4 20. Bd4 Bxd4 21. Qxd4 $16 {Negrini,C-Jenssen,J/Porto San
Giorgio/1995/}) 6... Nf6 {This seems logical - Black prevents h5 and wins time
by attacking e4. However, the knight is more flexibly placed on e7.} (6... h6
7. Qd2 $36 {-6.Qd2}) 7. f3 (7. e5 $5 {()/\} Ne4 8. Qf3 (8. Nce2 c5 9. f3 cxd4
10. Bxd4 Nc5 $132) 8... Nd6 (8... d5 9. h5 $36) 9. Bg5 $1 (9. Qg4 Nf5 10. Bg5
f6 11. exf6 Bxf6 12. O-O-O O-O $132) 9... Bxf3 10. Bxd8 Kxd8 11. Nxf3 $36 {_|_}
) 7... d6 8. Qd2 Qe7 9. Nge2 (9. Bd3 a6 10. O-O-O (10. Nge2 c5 $5 {/\Nc6<=>})
10... Nbd7 (10... c5 11. dxc5 dxc5 (11... bxc5 12. Bc2 {[%csl Rd6] ><d6}) 12.
e5 $36) 11. Nge2 O-O-O 12. g4 $14 {()}) 9... a6 10. g4 $5 h5 $8 {Practically
forced, otherwise White plays h5 himself.} 11. g5 Nfd7 12. Ng3 (12. O-O-O c5 (
12... Nc6 13. d5 Nce5 14. Nd4 $36) 13. d5 Ne5 14. Ng1 O-O $5 $14 {/\} 15. dxe6
fxe6 16. Qxd6 Qxd6 17. Rxd6 Ng4 $132) 12... c5 13. d5 exd5 ({Too passive is} 
13... e5 $6 14. Bh3 $16) 14. cxd5 b5 15. a3 Nb6 16. f4 N8d7 17. Be2 Kd8 $2 {
A strange move. Both sides have kept their kings in the [+] to make it more
difficult for the opponent to target his ->. However, it's obvious White's
chances lie in the [+] and Black's K won't feel too well on d8 - Mamedyarov
won't get enough time to connect his R with Kc7 etc.} ({More logical seems to
be} 17... O-O $142 $5 {, when at least Black's K is relatively safe for the
time being.} 18. O-O $5 (18. f5 Be5 19. Bf4 Rfe8 $13) (18. e5 $5 dxe5 19. f5 b4
20. Nce4 Nxd5 21. f6 Bxf6 22. gxf6 N5xf6 $44) 18... Rae8 19. e5 $36) (17... b4
$6 18. axb4 cxb4 19. Na4 $16) 18. e5 $1 $40 {[%mdl 128] White doesn't need to
be asked twice to start the attack.} Nxe5 $5 {The best chance, but it doesn't
give sufficient compensation.} (18... dxe5 19. f5 $16 {[%csl Rd8] ע,/\} b4 (
19... f6 20. fxg6 b4 21. axb4 cxb4 22. Nce4 Nxd5 23. Nf5 $18) 20. f6 Qe8 21.
fxg7 (21. axb4 $5 $18) 21... bxc3 22. bxc3 Rg8 23. c4 $18) 19. fxe5 Bxe5 20.
Nge4 Re8 {[%cal Re5c3] /\Bc3-+} 21. Kf2 (21. Bf4 Nc4 22. Qc1 Bxd5 $5 23. Nxd5
Bxf4 $132) 21... Qd7 22. Raf1 {Blck can never play ...b4 and White holds his
d5P.} Nc4 (22... Kc7 23. b4 $1 $18 {->}) 23. Bxc4 bxc4 24. Qe2 Rb8 (24... Bd4
$5 {/\Re5}) 25. Kg1 Qe7 26. Rf3 Bc8 27. Nf6 Bg4 (27... Bxf6 28. gxf6 Qe5 29.
Qf2 Bg4 30. Bf4 Qd4 31. Re3 $18) 28. Nxe8 Qxe8 29. Bc1 $5 (29. Nd1 Bd4 $5 30.
Rh2 Qe4 $14) 29... Bd4+ 30. Kg2 Qxe2+ 31. Nxe2 Bxf3+ 32. Kxf3 Bxb2 33. Bxb2
Rxb2 34. Rc1 {[%csl Rc4,Rf7] ק White has managed to simplify the position and
is close to winning.} Rd2 (34... Rb3+ 35. Rc3 Ke7 36. Re3+ Kf8 37. Kf4 $16) 35.
Nf4 Ra2 36. Rc3 Kd7 37. Ng2 $1 {[%cal Rg2e3] /\Ne3} Ra1 (37... Rb2 $8 {/\} 38.
Ne3 Rb3 $16) 38. Ne3 $18 Kc7 39. Rxc4 $1 (39. Nxc4 Rh1 40. Kg3 Rg1+ 41. Kh2 Rg4
42. Kh3 Rd4 43. Ne3 $16 {/+- was probably also sufficient, but the text-move
is stronger.}) 39... Rxa3 (39... Kd7 40. Ra4 $18) 40. Rf4 {[%csl Rf7] ><f7} c4
41. Rxf7+ Kb6 42. Rg7 Kc5 (42... c3 43. Rxg6 c2 44. Rxd6+ {[%cal Rd6c6] /\Rc6+-
}) 43. Rxg6 c3 44. Rg8 c2 45. Rc8+ Kd4 46. Rc4+ $1 Kd3 47. Rxc2 1-0

[Event "POL-chT 64th"]
[Site "Karpacz"]
[Date "2008.09.13"]
[Round "8"]
[White "Krasenkow, Michal"]
[Black "Volokitin, Andrei"]
[Result "1-0"]
[WhiteElo "2639"]
[BlackElo "2671"]
[PlyCount "139"]
[EventDate "2008.09.06"]
[EventType "team-swiss"]
[EventRounds "9"]
[EventCountry "POL"]
[SourceTitle "EXT 2019"]
[Source "ChessBase"]
[SourceDate "2018.10.10"]
[SourceVersion "1"]
[SourceVersionDate "2018.10.10"]
[SourceQuality "1"]
[WhiteTeam "Warszawa Polonia"]
[BlackTeam "Wroclaw Polonia"]
[WhiteTeamCountry "POL"]
[BlackTeamCountry "POL"]

1. Nf3 d5 2. d4 Nf6 3. c4 c6 4. Qb3 dxc4 5. Qxc4 Bf5 6. Nc3 Nbd7 7. g3 e6 8.
Bg2 Be7 9. O-O O-O 10. Re1 Ne4 11. Qb3 Qb6 12. Nh4 Bxh4 13. gxh4 Nef6 14. e4
Bg6 15. Qxb6 axb6 16. Bf4 Rfe8 17. Bc7 e5 18. Rad1 b5 19. dxe5 Nxe5 20. f4 Nc4
21. b3 b4 22. bxc4 bxc3 23. f5 Bh5 24. Rc1 Rxa2 25. Rxc3 Re2 26. Re3 Rxe1+ 27.
Rxe1 Nd7 28. Rb1 Nc5 29. e5 h6 30. Bd6 Nd7 31. e6 fxe6 32. Rxb7 Nf6 33. Bxc6
Rc8 34. Rb8 Rxb8 35. Bxb8 exf5 36. c5 Bf7 37. Bb5 Be6 38. c6 Bc8 39. Kf2 Kf7
40. Ke3 g5 41. Kd4 f4 42. hxg5 hxg5 43. h4 gxh4 44. Bxf4 h3 45. Bc4+ Kg6 46.
Bd3+ Kf7 47. Kc5 Ke6 48. Bg3 Kf7 49. Kd6 Ne8+ 50. Ke5 Nf6 51. Bc4+ Kg6 52. Be6
Bxe6 53. Kxe6 Ne8 54. Be5 Kg5 55. Kf7 Nf6 56. c7 Nd7 57. c8=Q Nxe5+ 58. Ke6 Nf3
59. Qc1+ Kg4 60. Qh1 Kg3 61. Kf5 h2 62. Ke4 Nh4 63. Ke3 Nf5+ 64. Ke2 Nh6 65.
Qf3+ Kh4 66. Kf2 Ng4+ 67. Kg2 Kg5 68. Kg3 Ne5 69. Qf4+ Kg6 70. Kxh2 1-0

[Event "FRA-chT Top 12"]
[Site "Montpellier"]
[Date "2015.06.02"]
[Round "4.1"]
[White "Bacrot, Etienne"]
[Black "Krasenkow, Michal"]
[Result "0-1"]
[WhiteElo "2704"]
[BlackElo "2610"]
[PlyCount "94"]
[EventDate "2015.05.30"]
[EventType "team-tourn"]
[EventRounds "11"]
[EventCountry "FRA"]
[SourceTitle "CBM 166 Extra"]
[Source "ChessBase"]
[SourceDate "2015.06.18"]
[SourceVersion "1"]
[SourceVersionDate "2015.06.18"]
[SourceQuality "1"]
[WhiteTeam "Bischwiller"]
[BlackTeam "Chalons-en-champagne"]
[WhiteTeamCountry "FRA"]
[BlackTeamCountry "FRA"]

1. d4 Nf6 2. c4 g6 3. f3 {Cette idée d'Alekhine est revenue à la mode à
haut niveau depuis quelques années} d5 4. cxd5 Nxd5 5. e4 Nb6 6. Nc3 Bg7 7.
Be3 O-O 8. Qd2 Nc6 9. O-O-O a5 (9... f5 10. e5 Nb4 11. Nh3 a5 12. a3 N4d5 13.
Nf4 Nxf4 14. Bxf4 Nd5 15. h4 h5 16. Bc4 Be6 17. Bg5 c6 18. Kb1 Nxc3+ 19. Qxc3
Qd7 20. Rd3 Rfd8 21. g4 fxg4 22. fxg4 hxg4 23. Rg3 b5 24. Bxe6+ Qxe6 25. Rhg1
b4 26. Qc5 bxa3 27. Rxa3 Rab8 28. Rc3 Qf5+ 29. Rc2 Rb4 30. Be3 Rdb8 31. Bc1 a4
32. Ka1 a3 33. bxa3 Rxd4 34. Bb2 Re4 35. Qxc6 Rxe5 36. Qc4+ Kh7 37. h5 Rxb2 38.
hxg6+ Kh6 39. Rxb2 {Le,Q (2676)-Li,C (2721) Ho Chi Minh City 2015 0-1}) 10. h4
a4 11. h5 Na5 {[%csl Gc4]} 12. hxg6 fxg6 13. Bh6 Nac4 14. Bxc4+ Nxc4 15. Qe2
Bxh6+ 16. Rxh6 e6 17. Kb1 b5 $1 18. Nxb5 $2 $146 {Une baisse de concentation
pour le français} (18. Rh1 Ba6 19. Qf2 a3 20. b3 Nb2 21. Rd2 b4 22. Nd1 Bd3+
23. Ka1 c5 24. Nxb2 axb2+ 25. Rxb2 c4 26. bxc4 Bxc4 27. Nh3 b3 28. Qd2 Rf7 29.
Qc3 Ra4 30. Rd1 Qa8 31. Rdd2 Rfa7 32. Kb1 bxa2+ 33. Ka1 Rc7 34. d5 exd5 35.
exd5 Re7 36. Rd1 Bxd5 37. Rbd2 Rc4 38. Qd3 Bf7 39. Rc2 Rxc2 40. Qxc2 Qb8 {
0-1 (40) Simantsev,M (2462)-Shishkin,V (2507) Police 2015}) (18. d5 {[%cal
Gd5e6]} Qf6 $132) 18... Nxb2 $1 19. Qxb2 Rb8 20. Ka1 Ba6 21. Rh1 Rxb5 22. Qc3
Qd6 23. Nh3 Rfb8 24. Nf2 Rb3 25. Qc5 Qxc5 26. dxc5 Rb2 27. Ng4 h5 28. Nf6+ Kg7
29. Nd7 R8b4 30. Ne5 Rf2 31. g3 Bc4 32. Rd7+ Kf6 33. Nxc4 Rxc4 34. Rxc7 Rcc2
35. Rb7 Rxf3 36. Rb8 Kg5 37. Rb5 Rxg3 38. Kb1 Rgc3 39. Rg1+ Kh6 40. Rb6 a3 41.
Rxe6 Rb2+ 42. Ka1 Rg2 43. Re1 Rxc5 44. Ra6 Rc3 45. Kb1 Rb2+ 46. Ka1 Re2 47. Rg1
Rg3 0-1